000 00426nam a22001817a 4500
003 NUST - PNEC
005 20170116181126.0
008 151005b xxu||||| |||| 00| 0 eng d
020 _a-
040 _cLIBRARY
082 _a623.84 ROG
100 _913691
_aRogers, T. Howard
245 _aMarine corrosion
_cT. Howard Rogers
250 _a-
260 _c-
650 _913692
_aShips--Corrosion
_xME
942 _2ddc
_cBK
999 _c69754
_d69754